1070 1892 1915 1828 1418 1841 1925 1803 1089 1335 1444 1341 1541 1456 1583 1088 1193 1579 1388 1446 1477 1836 1963 1658 1705 1067 1358 1540 1704 1522 1801 1942 1590 1100 1927 1784 1834 1806 1258 1848 1456 1111 1323 1714 1648 1315 1846 1441 1777 1414 1087 1107 1818 1717 1376 1038 1479 1647 1803 1831 1596 1898 1402 1878 1880 1882 1490 1888 1902 1383 1168 1110 1572 1450 1118 1825 1426 1156 1060 1006 1326 1907 1877 1123 1399 1057 1928 1215 1926 1875 1946 1758 1421 1198 1949 1421 1093 1090 1122 BCNSPRNW ULIB Ver.6.0+V

เปลี่ยนเป็นภาษาไทย

Change to English
 แสดงรายละเอียดบรรณานุกรม
  กลับหน้าหลัก

Brief Record : Get Marc (ISO 2709) : E-mail record : QR code < ปิดหน้าต่าง
LEADER : 00000nam 2200000uu 4500
001    13399122141
003     ULIB
008    130104s2555||||th 000 0 tha d
020    ^a9789743652158
060  4 ^aWS100^bก721 ล.1
110 1  ^aคณะแพทยศาสตร์ มหาวิทยาลัยศรีนครินทรวิโรฒ
245 00 ^aกุมารเวชศาสตร์ 1 /^cบรรณาธิการโดย สมบูรณ์ จันทร์สกุลพร, อรุชา ตรีศิริโชติ, ชนาธิป ลือวิเศษไพบูลย์, โอฬาร พรหมาลิขิต, เกศรา อัศดามงคล และไพโรจน์ จงบัญญัติเจริญ
260    ^aกรุงเทพฯ:^bนพชัยการพิมพ์,^c2555
300    ^a578 หน้า:^bภาพประกอบ,^c26 ซม
650  7 ^aกุมารเวชศาสตร์
650  7 ^aพัฒนาการเด็ก
650  7 ^aโภชนการเด็ก
650  7 ^aทารกแรกเกิด
650  7 ^aสารน้ำในเด็ก
700 0  ^aอรุชา ตรีศิริโชติ,^eบรรณาธิการ
700 0  ^aชนาธิป ลือวิเศษไพบูลย์,^eบรรณาธิการ
700 0  ^aชนาธิป ลือวิเศษไพบูลย์,^eบรรณาธิการ
700 0  ^aโอฬาร พรหมาลิขิต,^eบรรณาธิการ
700 0  ^a เกศรา อัศดามงคล,^eบรรณาธิการ
700 0  ^aไพโรจน์ จงบัญญัติเจริญ,^eบรรณาธิการ
945    ^p400^l0^i19577
995    ^aกัณชพร
999    ^aใช้งานได้ทุกระบบ
รายการนี้ยังไม่มีแท็ก
คุณยังไม่ได้ล็อกอิน คุณสามารถมีกิจกรรมร่วมกับเว็บไซต์ได้ แต่ต้องล็อกอินก่อน ::
  ล็อกอิน

รายการสื่อสารสนเทศ

ลำดับที่ ประเภท เลขเรียก/บาร์โค้ด สถานที่ สถานะ
1. วิทยาศาสตร์การแพทย์ และสุขภาพ
วิทยาศาสตร์การแพทย์ และสุขภาพ
WS100 ก721 ล.1  
  Barcode: 19577
ห้องสมุดวิทยาเขตนครสวรรค์
►ส่วนจัดเก็บหนังสือเก่า นว.
บนชั้น
  ขอยืม

รายการใกล้เคียง
    หัวเรื่อง [กุมารเวชศาสตร์]
    หัวเรื่อง [พัฒนาการเด็ก]
    หัวเรื่อง [โภชนการเด็ก]
    หัวเรื่อง [ทารกแรกเกิด]
    หัวเรื่อง [สารน้ำในเด็ก]

BibComment


ยังไม่เคยถูกคอมเมนท์

คอมเมนท์ทรัพยากรรายการนี้
  คอมเมนท์: กุมารเวชศาสตร์ 1..


 Copyright 2026. Bcnsprnw @Library